[Event "Delkanda Inter Club-chT"]
[Site "Delkanda"]
[Date "2021.02.28"]
[Round "5.2"]
[White "Premachandra, GTD"]
[Black "Dassanayake, DMGS"]
[Result "1/2-1/2"]
[WhiteElo "1932"]
[BlackElo "1860"]
[PlyCount "114"]
[EventDate "2021.02.26"]
[EventType "team-tourn"]
[EventRounds "9"]
[EventCountry "SRI"]
[SourceTitle "EXT 2022"]
[Source "ChessBase"]
[SourceDate "2021.10.06"]
[SourceVersion "1"]
[SourceVersionDate "2021.10.06"]
[SourceQuality "1"]
[WhiteTeam "Jayewardenepura Univ"]
[BlackTeam "Maroons CC"]
[WhiteTeamCountry "SRI"]
[BlackTeamCountry "SRI"]

1. c4 e5 2. g3 Nf6 3. Bg2 d5 4. cxd5 Nxd5 5. Nf3 Nc6 6. 0-0 Be7 7. d4 e4 8. Ne5 f5 9. Nxc6 bxc6 10. f3 exf3 11. Bxf3 0-0 12. Nd2 Be6 13. Nb3 a5 14. Bd2 Bb4 15. a3 Bxd2 16. Qxd2 f4 17. Nc5 Bh3 18. Rf2 Qe7 19. Nd3 fxg3 20. hxg3 Qd6 21. Ne5 Rab8 22. Rc1 Rb6 23. Kh2 Bd7 24. Kg2 Rb3 25. Nc4 Qe6 26. Rh1 a4 27. Rh4 Nf4+ 28. gxf4 Qxc4 29. d5 Kh8 30. e4 cxd5 31. exd5 Bf5 32. d6 Rd8 33. Qa5 Be4 34. dxc7 Bxf3+ 35. Rxf3 Qe2+ 36. Rf2 Qe4+ 37. Kh2 Rg8 38. Qe5 Qg6 39. Rg2 Qc6 40. Qf5 h6 41. Rhg4 Qxc7 42. Rg6 Rb6 43. Rxb6 Qxb6 44. Qe5 Qd8 45. Kh3 Qd7+ 46. Kh2 Rf8 47. Re2 Qg4 48. Rf2 Rf5 49. Qe8+ Kh7 50. Qe4 Qg6 51. Qg2 Rh5+ 52. Kg1 Qf5 53. Rf3 Rh4 54. Qf2 Rg4+ 55. Kh2 h5 56. Kh1 Qe4 57. Kh2 Qf5 1/2-1/2

[Event "SRI-ch"]
[Site "Colombo"]
[Date "2020.09.21"]
[Round "13"]
[White "Dassanayake, DMGS"]
[Black "Liyanage, Ranindu Dilshan"]
[Result "1/2-1/2"]
[WhiteElo "1910"]
[BlackElo "2133"]
[PlyCount "60"]
[EventDate "2020.09.11"]
[EventType "tourn"]
[EventRounds "13"]
[EventCountry "SRI"]
[SourceTitle "CBM 198 Extra"]
[Source "ChessBase"]
[SourceDate "2020.11.30"]
[SourceVersion "1"]
[SourceVersionDate "2020.11.30"]
[SourceQuality "1"]

1. d4 d5 2. c4 e6 3. Nc3 a6 4. cxd5 exd5 5. Bf4 Nf6 6. e3 Bd6 7. Bxd6 Qxd6 8. Bd3 0-0 9. Qc2 Re8 10. h3 c5 11. dxc5 Qxc5 12. Nce2 Qa5+ 13. Qd2 Qxd2+ 14. Kxd2 Ne4+ 15. Bxe4 dxe4 16. Nd4 Nd7 17. Nge2 Ne5 18. Nf4 Nc4+ 19. Kc3 b5 20. b3 Ne5 21. h4 Ng4 22. Rhf1 a5 23. Kd2 b4 24. Nh3 Ne5 25. Nf4 Ng4 26. Nh3 Ne5 27. Nf4 Ng4 28. Nh3 Ne5 29. Nf4 Ng4 30. Nh3 Bd7 1/2-1/2

[Event "SRI-ch"]
[Site "Colombo"]
[Date "2020.09.20"]
[Round "11"]
[White "Dassanayake, DMGS"]
[Black "Dabarera, GWDM"]
[Result "1/2-1/2"]
[WhiteElo "1910"]
[BlackElo "1938"]
[PlyCount "80"]
[EventDate "2020.09.11"]
[EventType "tourn"]
[EventRounds "13"]
[EventCountry "SRI"]
[SourceTitle "CBM 198 Extra"]
[Source "ChessBase"]
[SourceDate "2020.11.30"]
[SourceVersion "1"]
[SourceVersionDate "2020.11.30"]
[SourceQuality "1"]

1. d4 d5 2. c4 e6 3. Nc3 c5 4. cxd5 exd5 5. Nf3 Nc6 6. g3 Nf6 7. Bg2 Be7 8. 0-0 0-0 9. Bg5 h6 10. Bxf6 Bxf6 11. dxc5 Be6 12. Rc1 Qd7 13. a3 h5 14. h4 a5 15. Qd2 Rad8 16. Rfd1 Qe7 17. Ng5 Nd4 18. e3 Nb3 19. Qc2 Bxg5 20. Qxb3 d4 21. Nd5 Bxd5 22. Bxd5 dxe3 23. hxg5 Qxg5 24. Bg2 exf2+ 25. Kf1 h4 26. gxh4 Qxh4 27. Qe3 Rfe8 28. Qxf2 Qg5 29. Re1 Re6 30. Rxe6 fxe6 31. Qe1 Rd2 32. Qxe6+ Kf8 33. Qc8+ Rd8 34. Qe6 Rd2 35. Bf3 Qh4 36. Qf5+ Kg8 37. Bd5+ Kh8 38. Qf8+ Kh7 39. Qg8+ Kg6 40. Qe8+ Kh7 1/2-1/2

[Event "SRI-ch"]
[Site "Colombo"]
[Date "2020.09.14"]
[Round "7"]
[White "Dassanayake, DMGS"]
[Black "Annurudha, GC."]
[Result "0-1"]
[WhiteElo "1910"]
[BlackElo "2059"]
[PlyCount "94"]
[EventDate "2020.09.11"]
[EventType "tourn"]
[EventRounds "13"]
[EventCountry "SRI"]
[SourceTitle "CBM 198 Extra"]
[Source "ChessBase"]
[SourceDate "2020.11.30"]
[SourceVersion "1"]
[SourceVersionDate "2020.11.30"]
[SourceQuality "1"]

1. d4 g6 2. e4 Bg7 3. Nc3 d6 4. Be3 Nd7 5. Qd2 c6 6. Nge2 Qc7 7. h4 h5 8. f3 a6 9. Nc1 b5 10. a3 Bb7 11. Nb3 Ngf6 12. Be2 c5 13. d5 Ne5 14. Nd1 Bc8 15. Nf2 Bd7 16. Qa5 Qb8 17. Nd2 0-0 18. Rg1 e6 19. f4 Neg4 20. Nxg4 Nxg4 21. Bxg4 hxg4 22. dxe6 Bxe6 23. 0-0-0 Qb7 24. h5 g3 25. Rdf1 Bg4 26. f5 Be5 27. Bh6 gxf5 28. Bxf8 Kxf8 29. exf5 Bd4 30. h6 Kg8 31. Rf4 Be2 32. Rxd4 cxd4 33. Qb4 Qd5 34. Nf3 Bxf3 35. gxf3 Qe5 36. Kb1 Kh7 37. Qd2 Rg8 38. Re1 Qf6 39. Qf4 a5 40. Qd2 Qxf5 41. Qxd4 Rg6 42. Re8 Qf6 43. Qd1 g2 44. Re1 Rxh6 45. Rg1 Qg6 46. f4 Qe4 47. Qxd6 Rxd6 0-1

[Event "SRI-chB"]
[Site "Maharaga"]
[Date "2020.03.09"]
[Round "6.11"]
[White "Dassanayake, DMGS"]
[Black "Kiriella, KGTSD"]
[Result "1-0"]
[WhiteElo "1893"]
[BlackElo "1769"]
[PlyCount "123"]
[EventDate "2020.03.06"]
[EventType "swiss"]
[EventRounds "11"]
[EventCountry "SRI"]
[SourceTitle "CBM 195 Extra"]
[Source "ChessBase"]
[SourceDate "2020.05.31"]
[SourceVersion "1"]
[SourceVersionDate "2020.05.31"]
[SourceQuality "1"]

1. d4 Nf6 2. c4 g6 3. Nc3 Bg7 4. g3 d6 5. Bg2 0-0 6. Nf3 c5 7. 0-0 Nc6 8. d5 Nb8 9. h3 e5 10. dxe6 fxe6 11. Bg5 Qb6 12. Qc2 Nc6 13. Rad1 Nd4 14. Qd2 Nd7 15. Nxd4 cxd4 16. Nb5 Ne5 17. Qb4 Nf7 18. Be7 a6 19. Bxf8 Kxf8 20. Qa3 Rb8 21. Nxd4 Bxd4 22. b4 Kg7 23. Kh2 Bf6 24. f4 Qc7 25. Qd3 Bd7 26. e4 Rc8 27. e5 Bd8 28. c5 Bb5 29. exd6 Qd7 30. Qe4 Bxf1 31. Bxf1 Qa4 32. Rd2 Qd7 33. Bc4 Bf6 34. Re2 Nd8 35. g4 a5 36. a3 axb4 37. axb4 b6 38. Ba6 Rb8 39. g5 Bc3 40. Qc4 Ba1 41. Bb5 Qf7 42. c6 Rc8 43. Ra2 Nxc6 44. Bxc6 b5 45. Qe4 Rxc6 46. Qxc6 Qxf4+ 47. Kg2 Qxg5+ 48. Kf1 Qf5+ 49. Rf2 Qxh3+ 50. Ke2 Qg4+ 51. Qf3 Qc4+ 52. Qd3 Qg4+ 53. Kf1 Bd4 54. d7 Qh4 55. Rd2 e5 56. Qf3 Qe7 57. Qd5 Qf6+ 58. Ke2 Qd8 59. Rd1 Qh4 60. Rxd4 Qh2+ 61. Kd3 Qh3+ 62. Kc2 1-0

[Event "SRI-chB"]
[Site "Maharaga"]
[Date "2020.03.09"]
[Round "7.5"]
[White "Kurukulasuriya, Prasanna"]
[Black "Dassanayake, DMGS"]
[Result "1/2-1/2"]
[WhiteElo "2042"]
[BlackElo "1893"]
[PlyCount "34"]
[EventDate "2020.03.06"]
[EventType "swiss"]
[EventRounds "11"]
[EventCountry "SRI"]
[SourceTitle "CBM 195 Extra"]
[Source "ChessBase"]
[SourceDate "2020.05.31"]
[SourceVersion "1"]
[SourceVersionDate "2020.05.31"]
[SourceQuality "1"]

1. e4 c6 2. d4 d5 3. e5 Bf5 4. Be3 e6 5. Nd2 Nd7 6. Ngf3 Bg6 7. Be2 Ne7 8. Nh4 Nf5 9. Nxg6 hxg6 10. Nf3 Qb6 11. 0-0 c5 12. c3 Qxb2 13. Rb1 Nxe3 14. fxe3 Qxc3 15. Rb3 Qa5 16. Ng5 c4 17. Rxb7 Qa6 1/2-1/2

[Event "Kurunegala op 11th"]
[Site "Kurunegala"]
[Date "2019.12.03"]
[Round "7"]
[White "Dassanayake, DMGS"]
[Black "Kiriella, KGTSD"]
[Result "0-1"]
[WhiteElo "1918"]
[BlackElo "1699"]
[PlyCount "70"]
[EventDate "2019.11.30"]
[EventType "swiss"]
[EventRounds "10"]
[EventCountry "SRI"]
[SourceTitle "CBM 193 Extra"]
[Source "ChessBase"]
[SourceDate "2020.01.31"]
[SourceVersion "1"]
[SourceVersionDate "2020.01.31"]
[SourceQuality "1"]

1. d4 Nf6 2. Bg5 h6 3. Bxf6 exf6 4. e3 d5 5. c4 dxc4 6. Bxc4 Bd6 7. Nc3 0-0 8. Nf3 Nd7 9. 0-0 Nb6 10. Bb3 Bg4 11. h3 Bh5 12. g4 Bg6 13. Nh4 Kh7 14. f4 f5 15. Nxf5 Bxf5 16. gxf5 g5 17. fxg6+ fxg6 18. Qg4 Qe8 19. e4 c5 20. d5 h5 21. Qg3 g5 22. e5 gxf4 23. Qd3+ Kh6 24. Bc2 Bxe5 25. Qh7+ Kg5 26. Kh1 Bxc3 27. Rg1+ Kh4 28. Kh2 Qe2+ 29. Rg2 Rae8 30. bxc3 f3 31. Rxe2 Rxe2+ 32. Kh1 f2 33. Rf1 Re1 34. Qd3 Rxf1+ 35. Qxf1 Nxd5 0-1

[Event "Kurunegala op 11th"]
[Site "Kurunegala"]
[Date "2019.12.02"]
[Round "6"]
[White "Iddagoda, Nikitha"]
[Black "Dassanayake, DMGS"]
[Result "0-1"]
[WhiteElo "1632"]
[BlackElo "1918"]
[PlyCount "44"]
[EventDate "2019.11.30"]
[EventType "swiss"]
[EventRounds "10"]
[EventCountry "SRI"]
[SourceTitle "CBM 193 Extra"]
[Source "ChessBase"]
[SourceDate "2020.01.31"]
[SourceVersion "1"]
[SourceVersionDate "2020.01.31"]
[SourceQuality "1"]

1. d4 d5 2. c4 c6 3. Nf3 Nf6 4. e3 a6 5. Bd3 Bg4 6. Qb3 Bxf3 7. gxf3 Qc7 8. Nc3 e6 9. a4 Nbd7 10. cxd5 cxd5 11. a5 Nb8 12. Bd2 Nc6 13. Ke2 Bd6 14. Na4 0-0 15. Qb6 Qe7 16. Nc5 Rab8 17. f4 Bc7 18. Qb3 Bxf4 19. Qc3 e5 20. Nb3 Rfc8 21. dxe5 Bxe5 22. Qc5 Bd6 0-1

[Event "Kurunegala op 11th"]
[Site "Kurunegala"]
[Date "2019.12.01"]
[Round "4"]
[White "Gunawardana, IMTM"]
[Black "Dassanayake, DMGS"]
[Result "1/2-1/2"]
[WhiteElo "1458"]
[BlackElo "1918"]
[PlyCount "40"]
[EventDate "2019.11.30"]
[EventType "swiss"]
[EventRounds "10"]
[EventCountry "SRI"]
[SourceTitle "CBM 193 Extra"]
[Source "ChessBase"]
[SourceDate "2020.01.31"]
[SourceVersion "1"]
[SourceVersionDate "2020.01.31"]
[SourceQuality "1"]

1. e4 c5 2. Nf3 Nc6 3. Bb5 g6 4. 0-0 Bg7 5. c3 Nf6 6. Re1 0-0 7. d4 cxd4 8. cxd4 d5 9. e5 Ne4 10. Nbd2 Bf5 11. Nxe4 Bxe4 12. Be3 f6 13. Bxc6 bxc6 14. exf6 exf6 15. Rc1 Rc8 16. Nd2 Re8 17. Qa4 Qb6 18. Nb3 Bf8 19. a3 Kh8 20. Rc3 Bf5 1/2-1/2

[Event "Kurunegala op 11th"]
[Site "Kurunegala"]
[Date "2019.11.30"]
[Round "2"]
[White "Bandara, Lakshika Sathsarani"]
[Black "Dassanayake, DMGS"]
[Result "0-1"]
[WhiteElo "1067"]
[BlackElo "1918"]
[PlyCount "100"]
[EventDate "2019.11.30"]
[EventType "swiss"]
[EventRounds "10"]
[EventCountry "SRI"]
[SourceTitle "CBM 193 Extra"]
[Source "ChessBase"]
[SourceDate "2020.01.31"]
[SourceVersion "1"]
[SourceVersionDate "2020.01.31"]
[SourceQuality "1"]

1. d4 Nf6 2. c4 g6 3. Nc3 d5 4. c5 Bg7 5. Bf4 0-0 6. Qd2 b6 7. Nb5 Na6 8. c6 Ne4 9. Qe3 e5 10. dxe5 Qe7 11. a3 g5 12. Bg3 Nxg3 13. hxg3 Qxe5 14. Qd3 Bf5 15. Qc3 d4 16. Qc4 Be6 17. Qd3 Bf5 18. Qc4 d3 19. Nc3 Nc5 20. Nf3 Qd6 21. Nb5 Qxc6 22. Rd1 Be6 23. Nbd4 Bxc4 24. Nxc6 dxe2 25. Bxe2 Rfe8 26. Ng1 Bxb2 27. Kf1 Bb3 28. Rb1 Bf6 29. Bg4 a5 30. Bf5 Bc4+ 31. Ne2 Bxe2+ 32. Kg1 Bd3 33. Bxd3 Nxd3 34. Rd1 Nc5 35. Rh6 Re6 36. Nd4 Bxd4 37. Rxe6 Nxe6 38. a4 Rd8 39. Rc1 Bc5 40. Ra1 Rd2 41. Rf1 Ra2 42. Kh1 Rxf2 43. Rxf2 Bxf2 44. Kh2 g4 45. Kh1 c5 46. Kh2 c4 47. Kh1 c3 48. Kh2 c2 49. Kh1 c1Q+ 50. Kh2 Qg1# 0-1

[Event "SRI-ch"]
[Site "Colombo"]
[Date "2017.08.16"]
[Round "12"]
[White "Samaranayake, KPRN"]
[Black "Dassanayake, DMGS"]
[Result "1/2-1/2"]
[WhiteElo "1880"]
[BlackElo "1967"]
[PlyCount "59"]
[EventDate "2017.08.10"]
[EventType "tourn"]
[EventRounds "13"]
[EventCountry "SRI"]
[SourceTitle "CBM 180 Extra"]
[Source "ChessBase"]
[SourceDate "2017.10.06"]
[SourceVersion "1"]
[SourceVersionDate "2017.10.06"]
[SourceQuality "1"]

1. d4 Nf6 2. c4 g6 3. Nc3 d5 4. cxd5 Nxd5 5. e4 Nxc3 6. bxc3 Bg7 7. Bc4 c5 8. Ne2 Nc6 9. Be3 0-0 10. Rc1 cxd4 11. cxd4 Qa5+ 12. Kf1 Qa3 13. Qb3 Qd6 14. e5 Qd8 15. Qa3 Na5 16. Bd3 b6 17. h4 h5 18. f3 Bd7 19. Kf2 Re8 20. Nf4 e6 21. g4 hxg4 22. fxg4 Bc6 23. Rh3 Rc8 24. g5 Bd5 25. h5 Nc4 26. Rxc4 Bxc4 27. hxg6 fxg6 28. Bxg6 Rf8 29. Bh7+ Kh8 30. Be4+ 1/2-1/2

[Event "SRI-ch"]
[Site "Colombo"]
[Date "2017.08.11"]
[Round "3"]
[White "Dassanayake, DMGS"]
[Black "Thilakarathne, GM Harshana"]
[Result "1/2-1/2"]
[WhiteElo "1967"]
[BlackElo "2143"]
[PlyCount "53"]
[EventDate "2017.08.10"]
[EventType "tourn"]
[EventRounds "13"]
[EventCountry "SRI"]
[SourceTitle "CBM 180 Extra"]
[Source "ChessBase"]
[SourceDate "2017.10.06"]
[SourceVersion "1"]
[SourceVersionDate "2017.10.06"]
[SourceQuality "1"]

1. d4 Nf6 2. c4 e6 3. Nf3 d5 4. Nc3 Bb4 5. Bg5 dxc4 6. e4 c5 7. Bxc4 cxd4 8. Nxd4 Qa5 9. Bxf6 Bxc3+ 10. bxc3 Qxc3+ 11. Kf1 gxf6 12. Rc1 Qa5 13. h4 Ke7 14. Rh3 Rd8 15. Rd3 Nc6 16. Nxc6+ bxc6 17. Rxd8 Qxd8 18. Qh5 Qd4 19. Be2 Rb8 20. Qf3 Qb4 21. Rd1 e5 22. Qe3 Qa5 23. Qd3 Qc7 24. Qa3+ Ke8 25. Qf3 Ke7 26. Qa3+ Ke8 27. Qf3 1/2-1/2

[Event "SRI-ch"]
[Site "Colombo"]
[Date "2017.08.10"]
[Round "2"]
[White "Galappaththi, Chinthaka Anuruddh"]
[Black "Dassanayake, DMGS"]
[Result "1-0"]
[WhiteElo "2060"]
[BlackElo "1967"]
[PlyCount "51"]
[EventDate "2017.08.10"]
[EventType "tourn"]
[EventRounds "13"]
[EventCountry "SRI"]
[SourceTitle "CBM 180 Extra"]
[Source "ChessBase"]
[SourceDate "2017.10.06"]
[SourceVersion "1"]
[SourceVersionDate "2017.10.06"]
[SourceQuality "1"]

1. Nf3 Nf6 2. d4 g6 3. c4 Bg7 4. Nc3 d5 5. Bf4 0-0 6. e3 c5 7. dxc5 Qa5 8. Nd2 dxc4 9. Bxc4 Qxc5 10. 0-0 Nc6 11. Qe2 Nh5 12. Nb3 Qb4 13. Bc7 Ne5 14. Bd5 e6 15. Bxe5 Bxe5 16. Bf3 Nf6 17. Rac1 Bd7 18. Rfd1 Rac8 19. Nd4 a6 20. g3 Bd6 21. a3 Qb6 22. b4 e5 23. Nb3 Be6 24. Nc5 Bxc5 25. Na4 Qa7 26. Nxc5 1-0

[Event "SRI-chB"]
[Site "Narahenpita"]
[Date "2017.05.12"]
[Round "1"]
[White "Dassanayake, DMGS"]
[Black "Dissanayake, RKT"]
[Result "1-0"]
[WhiteElo "2015"]
[BlackElo "1667"]
[PlyCount "71"]
[EventDate "2017.05.12"]
[EventType "swiss"]
[EventRounds "10"]
[EventCountry "SRI"]
[SourceTitle "CBM 178 Extra"]
[Source "ChessBase"]
[SourceDate "2017.06.22"]
[SourceVersion "1"]
[SourceVersionDate "2017.06.22"]
[SourceQuality "1"]

1. d4 Nf6 2. c4 c5 3. d5 e6 4. Nc3 exd5 5. cxd5 d6 6. Nf3 g6 7. g3 Bg7 8. Bg2 0-0 9. 0-0 Re8 10. Nd2 Na6 11. Nc4 Nc7 12. Bf4 Bf8 13. a4 Bf5 14. f3 Nh5 15. Bd2 Bd7 16. g4 Ng7 17. Bf4 Qf6 18. e3 g5 19. Bg3 b5 20. Ne4 Rxe4 21. fxe4 Qg6 22. Nxd6 Bxd6 23. e5 Bxe5 24. Bxe5 Nce8 25. axb5 Bxb5 26. Rf2 a6 27. Rc1 Qb6 28. Qc2 f6 29. d6 Rd8 30. Bd5+ Kh8 31. Bxf6 Qxd6 32. Be5 Qxd5 33. Rf8+ Qg8 34. Qf5 Nd6 35. Bxg7+ Kxg7 36. Qf6# 1-0

[Event "Wch U20 55th"]
[Site "Bhubaneswar"]
[Date "2016.08.18"]
[Round "10"]
[White "Dassanayake, DMGS"]
[Black "Gajwa, Ankit"]
[Result "1/2-1/2"]
[WhiteElo "1859"]
[BlackElo "2282"]
[PlyCount "72"]
[EventDate "2016.08.08"]
[EventType "swiss"]
[EventRounds "13"]
[EventCountry "IND"]
[SourceTitle "CBM 173 Extra"]
[Source "ChessBase"]
[SourceDate "2016.08.29"]
[SourceVersion "1"]
[SourceVersionDate "2016.08.29"]
[SourceQuality "1"]

1. d4 Nf6 2. c4 g6 3. Nf3 Bg7 4. g3 0-0 5. Bg2 d6 6. Nc3 Nbd7 7. 0-0 e5 8. e4 c6 9. h3 Qb6 10. Re1 exd4 11. Nxd4 Re8 12. Re2 Qb4 13. Rc2 Nc5 14. Bd2 Qb6 15. Be3 a5 16. Nb3 a4 17. Nxc5 dxc5 18. Rac1 Rd8 19. Rd2 Rxd2 20. Qxd2 Be6 21. e5 Ne8 22. f4 Bxc4 23. Nxa4 Rxa4 24. b3 Bxb3 25. Bxc5 Qa5 26. Qd7 Qa8 27. axb3 Ra2 28. Re1 Bf8 29. Bxf8 Qa7+ 30. Kh2 Qf2 31. Rg1 Kxf8 32. Qxb7 Re2 33. Qd7 c5 34. Qg4 Kg7 35. f5 Rxe5 36. Rf1 Qd4 1/2-1/2

[Event "Wch U20 55th"]
[Site "Bhubaneswar"]
[Date "2016.08.09"]
[Round "2"]
[White "Akash, G."]
[Black "Dassanayake, DMGS"]
[Result "1-0"]
[WhiteElo "2400"]
[BlackElo "1859"]
[PlyCount "61"]
[EventDate "2016.08.08"]
[EventType "swiss"]
[EventRounds "13"]
[EventCountry "IND"]
[SourceTitle "CBM 173 Extra"]
[Source "ChessBase"]
[SourceDate "2016.08.29"]
[SourceVersion "1"]
[SourceVersionDate "2016.08.29"]
[SourceQuality "1"]

1. e4 c5 2. Nf3 Nc6 3. d4 cxd4 4. Nxd4 e5 5. Nb5 d6 6. N1c3 a6 7. Na3 b5 8. Nd5 Nge7 9. c4 Nd4 10. Bd3 Nxd5 11. exd5 Be7 12. cxb5 0-0 13. 0-0 Bf6 14. Be3 Bb7 15. bxa6 Bxa6 16. Bxd4 exd4 17. Nc4 Bb7 18. a4 Bxd5 19. Qh5 Be4 20. Bxe4 g6 21. Qf3 Rc8 22. Bd5 Be5 23. a5 Rc7 24. a6 Ra7 25. b4 d3 26. Nxe5 dxe5 27. Qxd3 Qb6 28. b5 Rd8 29. Qc4 Rc7 30. Bc6 Rd4 31. Qe2 1-0

[Event "Wch U20 55th"]
[Site "Bhubaneswar"]
[Date "2016.08.08"]
[Round "1"]
[White "Dassanayake, DMGS"]
[Black "Rajdeep, Sarkar"]
[Result "1/2-1/2"]
[WhiteElo "1859"]
[BlackElo "2351"]
[PlyCount "170"]
[EventDate "2016.08.08"]
[EventType "swiss"]
[EventRounds "13"]
[EventCountry "IND"]
[SourceTitle "CBM 173 Extra"]
[Source "ChessBase"]
[SourceDate "2016.08.29"]
[SourceVersion "1"]
[SourceVersionDate "2016.08.29"]
[SourceQuality "1"]

1. d4 d5 2. Nf3 Nf6 3. c4 e6 4. Bg5 c6 5. e3 Nbd7 6. Nc3 Qa5 7. Nd2 Bb4 8. Qc2 Ne4 9. Ncxe4 dxe4 10. Bh4 e5 11. a3 0-0 12. Rd1 Bxd2+ 13. Qxd2 Qxd2+ 14. Rxd2 exd4 15. Rxd4 Re8 16. Be2 f5 17. 0-0 Ne5 18. h3 Be6 19. b3 a5 20. Bg3 Nf7 21. a4 g6 22. Rfd1 Rec8 23. Kh2 Kf8 24. f3 exf3 25. gxf3 Re8 26. h4 Ra6 27. Bf4 Rb6 28. R4d3 Rb4 29. Bg3 b5 30. axb5 a4 31. bxa4 Bxc4 32. R3d2 cxb5 33. axb5 Bxe2 34. Rxe2 Rxb5 35. Bf4 Rb3 36. Rd7 Re7 37. Rxe7 Kxe7 38. e4 Ke6 39. Kg3 Rb4 40. exf5+ Kxf5 41. Re7 Kf6 42. Ra7 Rb6 43. Be3 Rd6 44. Rb7 Ke6 45. Rb6 Rxb6 46. Bxb6 Kf5 47. Bd4 Nd8 48. Be3 Ne6 49. Kf2 Ke5 50. Kg3 h5 51. Kf2 Ng7 52. Ke2 Nf5 53. Bg5 Nd4+ 54. Ke3 Ne6 55. Be7 Kf5 56. Kf2 Nf4 57. Kg3 Nd3 58. Bg5 Ke5 59. Be3 Kd5 60. Kg2 Kc4 61. Kf1 Ne5 62. Ke2 Nf7 63. Bf4 Kd4 64. Kd2 Nd8 65. Be3+ Ke5 66. Ke2 Ne6 67. Kf2 Kd5 68. Ke2 Kc4 69. Kd2 Nc7 70. Bg5 Nd5 71. Ke2 Kd4 72. Kd2 Ke5 73. Ke2 Nc7 74. Be3 Ne6 75. Kf2 Ng7 76. Bg5 Nf5 77. Ke2 Nd4+ 78. Kf2 Ne6 79. Be3 Kf5 80. Kg3 Nc7 81. Bg5 Ne6 82. Be3 Ke5 83. Kf2 Nf4 84. Bxf4+ Kxf4 85. Kg2 g5 1/2-1/2

[Event "SRI-chB"]
[Site "Colombo"]
[Date "2016.03.21"]
[Round "10"]
[White "Dassanayake, DMGS"]
[Black "Weerasinghe, CC."]
[Result "1/2-1/2"]
[WhiteElo "1862"]
[BlackElo "1736"]
[PlyCount "26"]
[EventDate "2016.03.12"]
[EventType "swiss"]
[EventRounds "10"]
[EventCountry "SRI"]
[SourceTitle "CBM 171 Extra"]
[Source "ChessBase"]
[SourceDate "2016.04.26"]
[SourceVersion "1"]
[SourceVersionDate "2016.04.26"]
[SourceQuality "1"]

1. e4 e5 2. Nf3 Nc6 3. Bb5 a6 4. Ba4 Nf6 5. 0-0 Nxe4 6. Re1 d5 7. d4 exd4 8. Nxd4 Bd6 9. Nxc6 Bxh2+ 10. Kxh2 Qh4+ 11. Kg1 Qxf2+ 12. Kh2 Qg3+ 13. Kg1 Qf2+ 1/2-1/2

[Event "SRI-chB"]
[Site "Colombo"]
[Date "2016.03.21"]
[Round "9"]
[White "Piyumantha, M Sasith Nipun"]
[Black "Dassanayake, DMGS"]
[Result "1-0"]
[WhiteElo "1994"]
[BlackElo "1862"]
[PlyCount "32"]
[EventDate "2016.03.12"]
[EventType "swiss"]
[EventRounds "10"]
[EventCountry "SRI"]
[SourceTitle "CBM 171 Extra"]
[Source "ChessBase"]
[SourceDate "2016.04.26"]
[SourceVersion "1"]
[SourceVersionDate "2016.04.26"]
[SourceQuality "1"]

1. d4 d5 2. c4 e6 3. Nf3 c5 4. cxd5 exd5 5. Nc3 Nc6 6. g3 Nf6 7. Bg2 Be7 8. 0-0 0-0 9. Bg5 c4 10. Ne5 Be6 11. Nxc6 bxc6 12. b3 h6 13. Bxf6 Bxf6 14. Na4 Qe7 15. Nc5 Bg5 16. Re1 Rad8 1-0

[Event "SRI-chB"]
[Site "Colombo"]
[Date "2016.03.20"]
[Round "7"]
[White "Naotunna, Dineth Nimnaka"]
[Black "Dassanayake, DMGS"]
[Result "1/2-1/2"]
[WhiteElo "2022"]
[BlackElo "1862"]
[PlyCount "97"]
[EventDate "2016.03.12"]
[EventType "swiss"]
[EventRounds "10"]
[EventCountry "SRI"]
[SourceTitle "CBM 171 Extra"]
[Source "ChessBase"]
[SourceDate "2016.04.26"]
[SourceVersion "1"]
[SourceVersionDate "2016.04.26"]
[SourceQuality "1"]

1. d4 Nf6 2. c4 g6 3. g3 Bg7 4. Bg2 d5 5. cxd5 Nxd5 6. e4 Nb6 7. Ne2 0-0 8. Nbc3 Nc6 9. d5 Nb8 10. Bf4 c6 11. dxc6 Nxc6 12. Qxd8 Nxd8 13. b3 Nc6 14. 0-0 Bg4 15. f3 Be6 16. Rad1 Rac8 17. Nb5 Na8 18. Be3 a6 19. Nbd4 Nxd4 20. Nxd4 Bd7 21. Rc1 Nc7 22. Rfd1 Nb5 23. Nxb5 Bxb5 24. Bf1 Bc6 25. Be2 e6 26. Rd2 Rcd8 27. Rcd1 Bf6 28. Bb6 Rxd2 29. Rxd2 Rc8 30. Rc2 Bd7 31. Rxc8+ Bxc8 32. Bc5 Bg7 33. Kf2 f6 34. Ke3 Kf7 35. f4 Bd7 36. Bd6 Bc6 37. Bd3 Ke8 38. e5 Kd7 39. b4 fxe5 40. Bxe5 Bf8 41. a3 Be7 42. Bd4 Bd8 43. Bc3 Bb6+ 44. Bd4 Bc7 45. Kd2 Ke7 46. Ke3 Kf7 47. Be4 Bxe4 48. Kxe4 Bd8 49. a4 1/2-1/2

[Event "SRI-chB"]
[Site "Malabe"]
[Date "2015.06.28"]
[Round "9"]
[White "Dassanayake, DMGS"]
[Black "Lasitha, Subash"]
[Result "1-0"]
[WhiteElo "1845"]
[BlackElo "1750"]
[PlyCount "51"]
[EventDate "2015.06.19"]
[EventType "swiss"]
[EventRounds "10"]
[EventCountry "SRI"]
[SourceTitle "CBM 167 Extra"]
[Source "ChessBase"]
[SourceDate "2015.09.14"]
[SourceVersion "1"]
[SourceVersionDate "2015.09.14"]
[SourceQuality "1"]

1. d4 Nf6 2. c4 g6 3. Nc3 d5 4. cxd5 Nxd5 5. e4 Nxc3 6. bxc3 Bg7 7. Bc4 0-0 8. Ne2 c5 9. 0-0 Nc6 10. Be3 Qc7 11. Rc1 Na5 12. Bd3 c4 13. Bb1 Rd8 14. Ng3 b5 15. Qe1 Nb7 16. f4 a5 17. f5 Ra6 18. e5 Re8 19. Qd2 Rd8 20. fxg6 fxg6 21. Bh6 Bxe5 22. dxe5 Qc5+ 23. Kh1 Bf5 24. Qf4 e6 25. Ne4 Qd5 26. Nf6+ 1-0

[Event "SRI-chB"]
[Site "Malabe"]
[Date "2015.06.27"]
[Round "8"]
[White "Dassanayake, DMGS"]
[Black "Ranasinghe, Sachini D"]
[Result "1-0"]
[WhiteElo "1845"]
[BlackElo "1813"]
[PlyCount "51"]
[EventDate "2015.06.19"]
[EventType "swiss"]
[EventRounds "10"]
[EventCountry "SRI"]
[SourceTitle "CBM 167 Extra"]
[Source "ChessBase"]
[SourceDate "2015.09.14"]
[SourceVersion "1"]
[SourceVersionDate "2015.09.14"]
[SourceQuality "1"]

1. d4 d5 2. c4 e6 3. Nc3 Be7 4. cxd5 exd5 5. Bf4 c6 6. e3 Bf5 7. Bd3 Bxd3 8. Qxd3 Nf6 9. Nge2 Nbd7 10. 0-0 Nh5 11. Bg3 0-0 12. Rfe1 Re8 13. h3 Nxg3 14. Nxg3 Nf6 15. f3 Bd6 16. Nf5 Bc7 17. e4 g6 18. Ne3 Bg3 19. Red1 Nh5 20. Ne2 Qe7 21. Nc3 f6 22. Ng4 Nf4 23. Qd2 h5 24. Nf2 Rad8 25. Nh1 Nxh3+ 26. gxh3 1-0